Statistics for ATP Top 100

Click here to take the quiz!

General Stats

  • This quiz has been taken 11 times
  • The average score is 65 of 100

Answer Stats

#HintAnswer% Correct
7RussiaDaniil Medvedev
100%
11PolandHubert Hurkacz
100%
19AustraliaNick Kyrgios
100%
1SerbiaNovak Djokovic
100%
8SpainRafael Nadal
100%
3GreeceStefanos Tsitsipas
100%
29SpainAlejandro Davidovich Fokina
80%
46KazakhstanAlexander Bublik
80%
16GermanyAlexander Zverev
80%
22AutraliaAlex de Minaur
80%
57SlovakiaAlex Molcan
80%
6RussiaAndrey Rublev
80%
41USABen Shelton
80%
42SpainBernabe Zapata Miralles
80%
20CroatiaBorna Coric
80%
33NetherlandsBotic van de Zandschulp
80%
12Great BritainCameron Norrie
80%
2SpainCarlos Alcaraz
80%
4NorwayCasper Ruud
80%
100ChileChristian Garin
80%
83ColombiaDaniel Elahi Galan
80%
28Great BritainDaniel Evans
80%
40BelgiumDavid Goffin
80%
30CanadaDenis Shapovalov
80%
37ArgentinaDiego Schwartzman
80%
54FinlandEmil Ruusuvuori
80%
82ItalyFabio Fognini
80%
9CanadaFelix Auger-Aliassime
80%
15USAFrances Tiafoe
80%
32ArgentinaFrancisco Cerundolo
80%
25BulgariaGrigor Dimitrov
80%
10DenmarkHolger Rune
80%
13ItalyJannik Sinner
80%
47Czech RepublicJiri Lehecka
80%
38USAJohn Isner
80%
14RussiaKaren Khachanov
80%
18ItalyLorenzo Musetti
80%
21CroatiaMarin Cilic
80%
24ItalyMatteo Berrettini
80%
59SwedenMichael Ymer
80%
31SerbiaMiomir Kecmanovic
80%
27SpainRoberto Bautista Agut
80%
35ArgentinaSebastian Baez
80%
26USASebastian Korda
80%
68South KoreaSoonwoo Kwon
80%
97SwitzerlandStan Wawrinka
80%
39NetherlandsTallon Griekspoor
80%
5USATaylor Fritz
80%
23USATommy Paul
80%
34JapanYoshihito Nishioka
80%
93ChinaZhizhen Zhang
80%
64FranceAdrian Mannarino
60%
50SpainAlbert Ramos-Vinolas
60%
52Great BritainAndy Murray
60%
72FranceArthur Rinderknech
60%
45FranceBenjamin Bonzi
60%
49USABrandon Nakashima
60%
99AustriaDominik Thiem
60%
75SerbiaDusan Lajovic
60%
58ArgentinaFederico Coria
60%
53Great BritainJack Draper
60%
66SpainJaume Munar
60%
48USAJenson Brooksby
60%
44USAJ.J. Wolf
60%
81AustraliaJordan Thompson
60%
77PeruJuan Pablo Varillas
60%
55SerbiaLaslo Djere
60%
67ItalyLorenzo Sonego
60%
51SwitzerlandMarc-Andrea Huesler
60%
69USAMarcos Giron
60%
36USAMaxime Cressy
60%
87ChileNicholas Jarry
60%
17SpainPablo Carreno Busta
60%
73FranceQuentin Halys
60%
43FranceRichard Gasquet
60%
74SpainRoberto Carballes Baena
60%
76ArgentinaTomas Martin Etcheverry
60%
89FranceUgo Humbert
60%
63ChinaYibing Wu
60%
56FranceConstant Lestienne
40%
65FranceCorentin Moutet
40%
95GermanyDaniel Altmaier
40%
94ArgentinaFacundo Bagnis
40%
96BoliviaHugo Dellien
40%
80BelarusIlya Ivashka
40%
79HungaryMarton Fucsovics
40%
86USAMichael Mmoh
40%
61ArgentinaPedro Cachin
40%
84BrazilThiago Monteiro
40%
98AustraliaAlexei Popyrin
20%
92AustraliaChristopher O'Connell
20%
88USADenis Kudla
20%
90EcuadorEmilio Gomez
20%
70SerbiaFilip Krajinovic
20%
60FranceGregoire Barrere
20%
71AustraliaJason Kubler
20%
62USAMackenzie McDonald
20%
91ItalyMarco Cecchinato
20%
85PortugalNuno Borges
20%
78GermanyOscar Otte
20%

Score Distribution

Percentile by Number Answered

Percent of People with Each Score

Your Score History

You have not taken this quiz